Физика. Ответы на экзаменационные билеты. 9 класс: шпаргалки к билетам (Запись № 1143075)

Подробности
000 -МАРКЕР
контрольное поле 01018nam0a2200301 4500
001 - ИДЕНТИФИКАТОР ЗАПИСИ
контрольное поле RU\NLR\bibl\1696937
005 - ИДЕНТИФИКАТОР ВЕРСИИ
контрольное поле 20250616060217.0
010 ## - МЕЖДУНАРОДНЫЙ СТАНДАРТНЫЙ НОМЕР КНИГИ (ISBN)
Номер (ISBN) 978-5-377-03898-6
Тираж 30000
021 ## - НОМЕР ГОСУДАРСТВЕННОЙ РЕГИСТРАЦИИ
Код страны Российская Федерация
Номер 2010-75818
Номер Листа государственной регистраци 5044
021 ## - НОМЕР ГОСУДАРСТВЕННОЙ РЕГИСТРАЦИИ
Код страны Российская Федерация
Номер 2011-73954
Номер Листа государственной регистраци 5260
021 ## - НОМЕР ГОСУДАРСТВЕННОЙ РЕГИСТРАЦИИ
Код страны Российская Федерация
Номер 2012-68927
Номер Листа государственной регистраци 5055
021 ## - НОМЕР ГОСУДАРСТВЕННОЙ РЕГИСТРАЦИИ
Код страны Российская Федерация
Номер 2013-24135
Номер Листа государственной регистраци 1668
035 ## - ДРУГИЕ СИСТЕМНЫЕ НОМЕРА
Идентификатор записи (NLR Aleph) 001688030
100 ## - ДАННЫЕ ОБЩЕЙ ОБРАБОТКИ
Данные общей обработки 20101110d2011 |||y0rusy50 ca
101 0# - ЯЗЫК РЕСУРСА
Язык текста, звукозаписи и т.д. русский
102 ## - СТРАНА ПУБЛИКАЦИИ ИЛИ ПРОИЗВОДСТВА
Страна публикации Российская Федерация
105 ## - ПОЛЕ КОДИРОВАННЫХ ДАННЫХ: ТЕКСТОВЫЕ МАТЕРИАЛЫ, МОНОГРАФИЧЕСКИЕ
Кодированные данные о монографическом текстовом документе y |||||||||
200 1# - ЗАГЛАВИЕ И СВЕДЕНИЯ ОБ ОТВЕТСТВЕННОСТИ
Основное заглавие Физика. Ответы на экзаменационные билеты. 9 класс: шпаргалки к билетам
210 ## - ПУБЛИКАЦИЯ, РАСПРОСТРАНЕНИЕ И ДР.
Место издания, распространения и т.д. Москва
Имя издателя, распространителя и т. д. Экзамен
Дата издания, распространения и т.д. 2011
215 ## - ФИЗИЧЕСКАЯ ХАРАКТЕРИСТИКА
Размеры 20
225 1# - СЕРИЯ
Основное заглавие серии 24 часа до экзамена и ГИА
700 #1 - ИМЯ ЛИЦА - ПЕРВИЧНАЯ ОТВЕТСТВЕННОСТЬ
Начальный элемент ввода Соколова
Часть имени, кроме начального элемента ввода С. А
Код отношения Автор
801 #0 - ИСТОЧНИК ЗАПИСИ
Страна Российская Федерация
Организация NLR
Дата составления 20101110
Правила каталогизации RCR
801 #1 - ИСТОЧНИК ЗАПИСИ
Страна Российская Федерация
Организация NLR
Дата составления 20101110
942 ## - ДОПОЛНИТЕЛЬНЫЕ ЭЛЕМЕНТЫ ЗАПИСИ (АБИС)
Тип экземпляра АБИС Книга
980 ## - КОЛЛЕКЦИЯ
Название коллекции Национальная библиография
Экземпляры
Тип экземпляра Дата поступления Источник поступления Библиотека постоянного хранения Библиотека текущего хранения Место хранения Шифр хранения Штрих-код Статус экземпляра
Книга 10.11.2010 Обязательный экземпляр РНБ (Московский) РНБ (Московский) Фонд изданий групповой обработки ФГО 3287171  
Книга 10.11.2010 Обязательный экземпляр РНБ (Московский) РНБ (Московский) Обменный фонд   3287176  
Книга 19.10.2011 Обязательный экземпляр РНБ (Московский) РНБ (Московский) Обменный фонд   3513301  
Книга 19.10.2011 Обязательный экземпляр РНБ (Московский) РНБ (Московский) Обменный фонд   3513302  
Книга 09.10.2012 Обязательный экземпляр РНБ (Московский) РНБ (Московский) Обменный фонд   3741549  
Книга 09.10.2012 Обязательный экземпляр РНБ (Московский) РНБ (Московский) Обменный фонд   3741550  
Книга 18.04.2013 Обязательный экземпляр РНБ (Московский) РНБ (Московский) Обменный фонд   3871142  
Книга 18.04.2013 Обязательный экземпляр РНБ (Московский) РНБ (Московский) Обменный фонд   3871143  
Книга 18.10.2013 Обязательный экземпляр РНБ (Московский) РНБ (Московский) Обменный фонд   3975772  
Книга 18.10.2013 Обязательный экземпляр РНБ (Московский) РНБ (Московский) Обменный фонд   3975773